00317nam a2200109Ia 4500008004100000100002300041245003000064250001200094260005000106300000800156650004300164190216s9999||||xx |||||||||||||| ||und|| aAbdul Assis Koroth 0aHuman Resource Manegement a1st Ed. bCalicut University Central Co-Operativec2005 a324 aCommerce-Combined Defence Service Exam